000 01420nam a22002777a 4500
003 NALT
005 20251125232949.0
008 s2527 th thaeng
040 _aNALT
041 _athaeng
090 _aKF53.5
_bร914อ 2524-25 ส.67-68
110 2 _aกรมแรงงาน
_955325
245 1 0 _aอนุสัญญาและข้อแนะขององค์การแรงงานระหว่างประเทศ สมัยประชุมที่ 67-68 (2524-2525) /
_cกรมแรงงาน.
260 _aกรุงเทพฯ :
_bกรมแรงงาน,
_c2527
300 _a148 หน้า ;
_c30 ซม.
610 _aกรมแรงงาน
650 0 4 _aILO -- Conventions
650 0 4 _aInternational Labour Organization -- Conventions
650 0 4 _aองค์การแรงงานระหว่างประเทศ -- อนุสัญญา
650 0 4 _aแรงงาน -- อนุสัญญา
650 0 4 _aแรงงาน -- อนุสัญญาองค์การแรงงานระหว่างประเทศ -- อนุสัญญาInternational Labour Organization -- ConventionsILO -- Conventions
850 _aNALT
856 4 0 _uhttps://hdl.handle.net/20.500.14156/301199
942 _cLB
_2lcc
999 _c44714
_d44714
998 _j109
_k อารีรัตน์ วิชาช่าง